| 000 | 00793cam a2200241 a 4500 | ||
|---|---|---|---|
| 999 |
_c329389 _d329389 |
||
| 001 | 4257848 | ||
| 003 | Nust | ||
| 005 | 20170504115715.0 | ||
| 008 | 840727s1982 pk fac 000 0aeng | ||
| 010 | _a 83930723 | ||
| 020 | _cRs125.00 | ||
| 040 |
_aDLC _cDLC _dDLC |
||
| 050 | 0 | 0 |
_aBP80.A8 _bA3 1982 |
| 082 | 0 | 0 |
_a297.810924 _bASA |
| 100 | 1 |
_aAsad, Muhammad, _d1900-1992. |
|
| 245 | 1 | 4 |
_aThe road to Mecca / _cby Muhammad Asad. |
| 250 | _a2nd ed. | ||
| 260 |
_aLahore, Pakistan : _bIslamic Book Service, _c1982. |
||
| 300 |
_axiii, 381 p., _bill., ports. ; _c23 cm. |
||
| 600 | 1 | 0 |
_aAsad, Muhammad, _d1900-1992. |
| 650 | 0 |
_aMuslim converts _xBiography. |
|
| 906 |
_a7 _bcbc _corignew _d3 _encip _f19 _gy-gencatlg |
||
| 942 |
_2ddc _cBK |
||